| 000 | 00728nam a2200229 a 4500 | ||
|---|---|---|---|
| 001 | 000030514 | ||
| 005 | 20240412074254.0 | ||
| 008 | 110307s2011 dr r 000 j spa d | ||
| 020 | _a9993403433 | ||
| 040 |
_aDO-SdBNP _bspa _cBNPHU |
||
| 082 |
_aRD863.44 _bS787m, 2011 |
||
| 100 | 1 |
_aStanley, Avelino, _d1959- _91536 |
|
| 245 | 1 | 3 |
_aLa máscara del tiempo : _bcuentos / _cAvelino Stanley. |
| 250 | _a5a ed. | ||
| 260 |
_aSanto Domingo : _bCocolo, _c2011. |
||
| 300 |
_a98 p. ; _c22 cm. |
||
| 500 | _aIncluye datos biográficos del autor en la contracubierta. | ||
| 590 | _aInventariado, 2018/BT | ||
| 650 | 0 |
_aCuentos dominicanos _9176 |
|
| 650 | 0 |
_aLiteratura dominicana. _967 |
|
| 910 | _aValidado. Control de calidad. MFF | ||
| 999 |
_c30006 _d30006 |
||